000 00320nam a2200121 a 4500
005 20141022142000.0
008 080915s19uu xx 00 eng d
050 _aVHS
_bL46 2004
245 _aLecture on breastfeeding & fertility.
650 _aVHS.
650 _aLecture on breastfeeding and fertility.
942 _cAVM
999 _c276238
_d276238